Why globalization works / (Record no. 17174)

MARC details
000 -LEADER
fixed length control field 01245cam a22003014a 4500
001 - CONTROL NUMBER
control field 13453368
003 - CONTROL NUMBER IDENTIFIER
control field OSt
005 - DATE AND TIME OF LATEST TRANSACTION
control field 20211108160050.0
008 - FIXED-LENGTH DATA ELEMENTS--GENERAL INFORMATION
fixed length control field 040109s2004 ctua b 001 0 eng
010 ## - LIBRARY OF CONGRESS CONTROL NUMBER
LC control number 2004000475
020 ## - INTERNATIONAL STANDARD BOOK NUMBER
International Standard Book Number 0300102526 (cl. : alk. paper)
040 ## - CATALOGING SOURCE
Original cataloging agency DLC
Transcribing agency HU
Modifying agency DLC
042 ## - AUTHENTICATION CODE
Authentication code pcc
050 00 - LIBRARY OF CONGRESS CALL NUMBER
Classification number HF1359
Item number .W6534 2004
082 00 - DEWEY DECIMAL CLASSIFICATION NUMBER
Classification number 337WOL2004
Edition number 22
100 1# - MAIN ENTRY--PERSONAL NAME
Personal name Wolf, Martin,
Dates associated with a name 1946-
9 (RLIN) 17322
245 10 - TITLE STATEMENT
Title Why globalization works /
Statement of responsibility, etc. Martin Wolf.
260 ## - PUBLICATION, DISTRIBUTION, ETC.
Place of publication, distribution, etc. New Haven :
Name of publisher, distributor, etc. Yale University Press,
Date of publication, distribution, etc. c2004.
300 ## - PHYSICAL DESCRIPTION
Extent xviii, 398 p. :
Other physical details ill. ;
Dimensions 25 cm.
504 ## - BIBLIOGRAPHY, ETC. NOTE
Bibliography, etc. note Includes bibliographical references (p. [364]-380) and index.
650 #0 - SUBJECT ADDED ENTRY--TOPICAL TERM
Topical term or geographic name entry element Globalization
General subdivision Economic aspects.
9 (RLIN) 6647
650 #0 - SUBJECT ADDED ENTRY--TOPICAL TERM
Topical term or geographic name entry element International economic relations.
9 (RLIN) 15705
856 41 - ELECTRONIC LOCATION AND ACCESS
Materials specified Table of contents only
Uniform Resource Identifier <a href="http://www.loc.gov/catdir/toc/ecip0414/2004000475.html">http://www.loc.gov/catdir/toc/ecip0414/2004000475.html</a>
856 42 - ELECTRONIC LOCATION AND ACCESS
Materials specified Publisher description
Uniform Resource Identifier <a href="http://www.loc.gov/catdir/enhancements/fy0616/2004000475-d.html">http://www.loc.gov/catdir/enhancements/fy0616/2004000475-d.html</a>
906 ## - LOCAL DATA ELEMENT F, LDF (RLIN)
a 7
b cbc
c orignew
d 1
e ecip
f 20
g y-gencatlg
942 ## - ADDED ENTRY ELEMENTS (KOHA)
Source of classification or shelving scheme Dewey Decimal Classification
Koha item type Books like text book referance book
Suppress in OPAC No
Holdings
Withdrawn status Lost status Source of classification or shelving scheme Damaged status Not for loan Collection code Home library Current library Shelving location Date acquired Total Checkouts Full call number Barcode Date last seen Copy number Price effective from Koha item type
    Dewey Decimal Classification     Reference Wondo Genet Library Wondo Genet Library General Stacks 11/08/2021   337WOL2004 WGCFNRL00004965 11/08/2021 1 11/08/2021 Books like text book referance book